000 nam a22 a 4500
999 _c4435
_d4435
003 AKMAL
005 20170530095138.0
008 170530s2005 my | e l 000 0 may d
020 _a9678915235 (kkt.)
040 _cAKMAL
082 0 4 _a344.59504232 MAK
_222
090 0 0 _a344.59504232
_bMAK
110 1 _aMalaysia
_9400
245 1 0 _aAkta Makanan 1983 (Akta 281) & Peraturan-Peraturan :
_b(hingga 5hb Januari 2005) /
_cdisusun oleh Lembaga Penyelidikan Undang-Undang
260 _aPetaling Jaya :
_bInternational Law Book Services,
_c2005
300 _a358ms. ;
_c24cm.
440 0 _aUNDANG-UNDANG MALAYSIA
_98608
650 1 0 _aFood law and legislation
_zMalaysia
_98609
710 2 _aLembaga Penyelidikan Undang-Undang
_98610
942 _2ddc
_cBOOK